An Introduction to computer networking / (Record no. 10826)

MARC details
000 -LEADER
fixed length control field 00794nam a22002292 4500
001 - CONTROL NUMBER
control field 0000005175
005 - DATE AND TIME OF LATEST TRANSACTION
control field 20151217154351.0
008 - FIXED-LENGTH DATA ELEMENTS--GENERAL INFORMATION
fixed length control field 070608s xx 000 0 eng d
020 ## - INTERNATIONAL STANDARD BOOK NUMBER
International Standard Book Number 8120321308 :
Terms of availability KES 1,025
040 ## - CATALOGING SOURCE
Original cataloging agency KABU
Transcribing agency KABU
050 #0 - LIBRARY OF CONGRESS CALL NUMBER
Classification number TK5105.5
Item number .M36 2002
100 1# - MAIN ENTRY--PERSONAL NAME
Personal name Mansfield, Kenneth C.
-- 0000156324
245 13 - TITLE STATEMENT
Title An Introduction to computer networking /
Statement of responsibility, etc. Kenneth C. Mansfield, Jr., James L. Antonakos.
260 ## - PUBLICATION, DISTRIBUTION, ETC. (IMPRINT)
Place of publication, distribution, etc. New Delhi :
Name of publisher, distributor, etc. Prentice Hall of India,
Date of publication, distribution, etc. c2002.
300 ## - PHYSICAL DESCRIPTION
Extent xi, 596 p. ;
Dimensions 24 cm. +
Accompanying material 1 computer laser optical disc (43/4 in.)
500 ## - GENERAL NOTE
General note Includes index.
650 #0 - SUBJECT ADDED ENTRY--TOPICAL TERM
Topical term or geographic name as entry element Computer networks.
-- 0000148214
700 1# - ADDED ENTRY--PERSONAL NAME
Personal name Antonakos, James L.
-- 0000154861
908 ## - PUT COMMAND PARAMETER (RLIN)
Put command parameter 070608
950 ## - LOCAL HOLDINGS (RLIN)
-- 1
Holdings
Withdrawn status Lost status Source of classification or shelving scheme Not for loan Home library Current library Date acquired Total Checkouts Full call number Barcode Date last seen Date last checked out Price effective from Koha item type
    Library of Congress Classification   Kabarak, Main Campus Kabarak, Main Campus 17/12/2015 2 TK5105.5 .M36 2002 008170 24/10/2019 17/10/2019 17/12/2015 General Collection
Designed with assistance from East African Informatics Ltd